000 03781cam a2200409 i 4500
001 22173727
003 CSPC
005 20250721103558.0
008 210811s2023 nyua j b 001 0 eng
010 _a 2021039764
020 _a9781265074654
035 _a22173727
040 _aDLC
_beng
_erda
_cDLC
_dDLC
_dCSPC
042 _apcc
050 0 0 _aHG4026
_b.B589 2022
082 0 0 _a658.15
_bB620f
_223
100 1 _aBlock, Stanley B.,
_eauthor.
245 1 0 _aFoundations of financial management /
_cStanley B. Block, Geoffrey A. Hirt, and Bartley R. Danielsen.
250 _aEighteenth edition.
264 1 _aNew York, NY :
_bMcGraw Hill,
_c2023.
300 _axxii, 684 [A-12, G-18, I-22] pages :
_bcolor illustrations ;
_c26 cm
336 _atext
_btxt
_2rdacontent
337 _aunmediated
_bn
_2rdamedia
338 _avolume
_bnc
_2rdacarrier
500 _aRevised edition of the authors' Foundations of financial management, [2019]
500 _aIncludes bibliographical references and index.
505 0 _aPart I. Introduction -- The goals and activities of financial management -- Part II. Financial analysis and planning -- Review of accounting -- Financial analysis -- Financial forecasting -- Operating and financial leverage -- Part III. Working capital management -- Working capital and the financing decision -- Current asset management -- Sources of short-term financing -- Part IV. The capital budgeting process -- The time value of money -- Valuation and rates of return -- Cost of capital -- The capital budgeting decision -- Risk and capital budgeting -- Part V. Long-term financing -- Capital markets -- Investments banking -- Long-term debt and lease financing -- Common and preferred stock financing -- Dividend policy and retained earnings -- Convertibles, warrants, and derivatives -- Part VI. Expanding the perspective of corporate finance -- External growth through mergers -- International financial management.
520 _a"First of all, the field of finance has become much more analytical, with the emphasis on decision-oriented approaches to problems rather than the old, descriptive approach. We have increased the use of analytical approaches to financial problems in virtually every chapter of the book. But we also have stayed with our basic mission of making sure students are able to follow us in our discussions throughout the text. While the 18th edition is considerably more sophisticated than the initial edition, it is still extremely "reader friendly." As the analytical skills demanded of students have increased, so has the authors' care in presenting the material. The use of spreadsheets and calculators has become considerably more important, and this is also reflected in the 18th edition where we have added Excel tables and calculator keystroke solutions within key chapters. We offer Web Exercises at the end of every chapter, URL citations throughout the text, a library of course materials for students and faculty, computerized testing software and PowerPoint® for the faculty, McGraw Hill Connect®, an online assignment and assessment solution, and SmartBook, a truly innovative adaptive study tool and eBook"--
_cProvided by publisher.
521 _aAges 18+
_bMcGraw Hill LLC
650 0 _aCorporations
_xFinance.
700 1 _aHirt, Geoffrey A.,
_eauthor.
700 1 _aDanielsen, Bartley R.,
_eauthor.
776 0 8 _iOnline version:
_aBlock, Stanley B.
_tFoundations of financial management
_b18.
_dNew York : McGraw Hill LLC, 2022
_z9781266040917
_w(DLC) 2021039765
906 _a7
_bcbc
_corignew
_d1
_eecip
_f20
_gy-gencatlg
942 _2ddc
_cBK
_e23
_h658.15
_iB620f
_kCIR
_m2023
_n0
999 _c29791
_d29791